| 000 | 00552nam a2200193Ia 4500 | ||
|---|---|---|---|
| 999 |
_c15155 _d15155 |
||
| 003 | OSt | ||
| 005 | 20201021095722.0 | ||
| 008 | 190216s9999||||xx |||||||||||||| ||und|| | ||
| 020 | _a9789351381969 | ||
| 040 | _coclc | ||
| 082 |
_a820.9 _bLEG/H |
||
| 100 |
_aLegouis, Emile _95739 |
||
| 245 | 0 |
_aHistory Of English Literature / _cEmile Legouis ; Louis Cazamian |
|
| 250 | _a6th Edi. | ||
| 260 |
_bTrinity Press , _c2016. _aBangalore: |
||
| 300 | _a1488p | ||
| 650 | _aEnglish | ||
| 942 |
_cBK _2ddc _h820.9 _iLEG/H _k820.9 _mLEG/H |
||